90's Albums - Whammies - Statistics

General Stats
  • This quiz has been taken 640 times
    32 since last reset
  • The average score is 7 of 18
Answers on the Grid
Answers color-coded by a green-red scale on the quiz's grid according to % correct below.
Nevermind
Superunknown
Daydream Nation
Yankee Hotel Foxtrot
Illmatic
The Miseducation Of Lauryn Hill
The Blueprint
Achtung Baby
The Chronic
The Soft Bulletin
Doolittle
Automatic for the People
The Queen is Dead
The Low End Theory
Straight Outta Compton
Disintegration
Stankonia
Siamese Dream
Enter the Wu-Tang (36 Chambers)
The Stone Roses
Pinkerton
Exile in Guyville
Paul's Boutique
Dookie
Blood Sugar Sex Magik
Like a Prayer
OK Computer
Parachutes
Jagged Little Pill
The Marshall Mathers LP
Hybrid Theory
Definitely Maybe
 
Answer Stats
Answer % Correct
Nevermind
93%
The Miseducation Of Lauryn Hill
74%
Jagged Little Pill
59%
Blood Sugar Sex Magik
56%
OK Computer
52%
Dookie
48%
Siamese Dream
48%
Achtung Baby
41%
Definitely Maybe
41%
Automatic for the People
37%
The Chronic
37%
Superunknown
33%
Enter the Wu-Tang (36 Chambers)
30%
Pinkerton
26%
Exile in Guyville
22%
Illmatic
22%
The Soft Bulletin
15%
The Low End Theory
11%
No matching quizzes found
Score Distribution
Percent of People with Each Score
Percentile by Number Answered
Your Score History
You have not taken this quiz since the last reset